| 000 | 004090000a22001690004500 | ||
|---|---|---|---|
| 003 | LK-CoMWRAF | ||
| 008 | 230817t ||||| |||| 00| 0 eng d | ||
| 040 |
_aLK-CoMWRAF _dLK-CoMWRAF _eLK-CoMWRAF |
||
| 041 | _aeng | ||
| 082 |
_a022 _bVIS |
||
| 100 | _aVisuvanathan, R | ||
| 245 |
_aUrimai madduma _b |
||
| 260 |
_aChennai _bStar pirasuram _c1980 |
||
| 300 | _ap.64 | ||
| 650 | _aTamil literature | ||
| 942 | _cBK | ||
| 999 |
_c2642 _d2642 |
||